Quiz percy jackson - Statistiques

Statistiques générales
  • Ce quiz a été pris 1 042 fois
  • Le résultat moyen est 35 sur 53
Statistiques - réponses
Hint Réponse % Correct
Héros principal Percy
100%
Son père Poseidon
98%
Amie du héros Annabeth
95%
Sa mère Athéna
95%
Nom de la série Percy Jackson
95%
Dieu du ciel Zeus
92%
Dieu de la guerre Ares
91%
Dieu des enfers Hades
91%
Directeur des activités de la colonie Chiron
90%
Dieu du vin et de la folie Dionysos
90%
Sa femme Hera
89%
Dieu des arts et de la musique Apollon
88%
Dessse de la chasse Artemis
88%
Ami du héros Grover
88%
Son père Hermes
88%
Dieu des forgerons Hephaistos
87%
Demi-dieux antagoniste Luke
87%
Auteur de la série Rick riordan
87%
Son demi frère Tyson
86%
Sa mère Sally
85%
Sa fille Clarisse Larue
84%
Sa femme Persephone
84%
Ses enfants Nico
83%
Sa fille Thalia
83%
Déesse des moissons Demeter
82%
Femme du dieu des forgerons Aphrodite
81%
Antagoniste principal Cronos
81%
Deesse du foyer Hestia
81%
Bianca
76%
Son 2eme beau-père Paul
73%
Son 1er beau-père Gaby
71%
Chasseuses connues Zoe
67%
Ses fils Will
58%
Sa fille Silena
57%
son fils Charles
56%
Ses frères demi-dieux Connor
54%
Antagoniste du tome 3 Atlas
51%
Pollux
50%
Travis
50%
Ses fils Castor
48%
Sa femme Ariane
39%
Phoebe
38%
Son frere demi-dieu Malcolm
35%
Sa mère May Castellan
34%
Sa fille Katie
30%
Lee
30%
Michael
29%
Chris
24%
Son père Frederick Chase
21%
ses freres humains Bobby
15%
Matthew
15%
Hyperion
9%
Alliés lors de la guerre Krios
6%
Aucun quiz correspondant
Distribution des résultats
% des personnes avec chaque résultat
Percentile par nombre de réponses
Votre historique - résultats
Vous n’avez pas pris ce quiz